| 000 | 01171cam a22003255a 4500 | ||
|---|---|---|---|
| 999 |
_c11018 _d11018 |
||
| 001 | 14014497 | ||
| 005 | 20180802121900.0 | ||
| 008 | 050624t2006 enka frb 001 0 eng d | ||
| 010 | _a 2005050969 | ||
| 015 |
_aGBA570819 _2bnb |
||
| 016 | 7 |
_a013278577 _2Uk |
|
| 020 | _a0131298275 | ||
| 020 | _a9780131298279 | ||
| 035 | _a(OCoLC)ocm60798548 | ||
| 040 |
_aDLC _beng _cDLC _dUKM _dBWKUK _dDLC _dEG-ScBUE _dEG-ScBUE |
||
| 043 | _ae-uk-en | ||
| 082 | 0 | 4 |
_a343.42078624 _bASH _222 |
| 100 | 1 |
_aAshworth, Allan. _q(Allan) _923174 |
|
| 245 | 1 | 0 |
_aContractual procedures in the construction industry / _cAllan Ashworth. |
| 250 | _a5th ed. | ||
| 260 |
_aHarlow ; _aNew York : _bPearson / Prentice Hall, _cc.2006. |
||
| 300 |
_axxi, 490 p. : _bill. ; _c24 cm. |
||
| 504 | _aIncludes bibliographical references and index. | ||
| 650 | 7 |
_aConstruction contracts _zEngland. _2BUEsh _923175 |
|
| 650 | 7 |
_aConstruction industry _xLaw and legislation _zEngland. _2BUEsh _923176 |
|
| 651 | _2BUEsh | ||
| 653 |
_bLLAAWW _bBUSBOL _cAugust2015 _cAugust2018 |
||
| 942 | _2ddc | ||